00965nam a22002777a 450000500170000001000130001702000210003003500130005103700160006404000120008008200150009210000250010724500920013224600060022426000590023027000440028930000280033350000330036165000330039465000370042770000270046470000260049194200240051799900190054195201270056020170124110243.0 aB-225290 c00.00a007061606 aB-225290 bCen Lib/Ret aDPLbEN a005.8bEND aEndorf, Carl 996116 aIntrusion detection & prevention /cby Carl Endorf, Eugene Schultz [and] Jim Mellander  b  aNew Delhi bTata McGrwa-Hill Publishung Company c2006 bNew Delhi a7 West patel nagar e110008 axxxi, 394p. c22cm(pbk) aIncludes appendix and index  aInstrusion detection 996117 aInternet security system 996118 aSchultz, Eugene996119 aMellander, Jim996120 2ddccENh005.8mEND c135314d135314 001040718REFaLbLd2015-10-05eCen Lib/Retg0.00l0o005.8 ENDpB-225290r2015-10-05 00:00:00t1v0.00w2015-10-05yEN